000 00572nam a22001937a 4500
003 OSt
005 20140310181741.0
008 130323t xxu||||| |||| 00| 0 eng d
020 _a9717891192
050 _aBV 4832.3
_b.F246 2004
082 _aTR 242.22
_bF32 2004
245 _aLife on purpose devotional practical faith and profound insight for every day /
_c J.M. Farro
260 _aValenzuela, Manila :
_bChristian Literature Crusade,
_cc2004.
300 _a231 p.
_c21 cm
521 _aFaculty
541 _j1
562 _e1
942 _2lcc
_cBK-TR
_kTR
999 _c2781
_d2781